Science Quiz

Random Science or Anatomy Quiz
Score 0/15 Timer 05:00
8 Plays Today
% Correct
Bones
97.2%
Blind
97.2%
Biopsy
96.5%
Bladder
96.1%
Benign
96%
Bacteria
95.9%
Burn
94.3%
Bronchiectasis
94%
% Correct
Brachial artery
93.9%
Bunion
93.5%
Bypass
93.4%
Bradyarrhythmia
91.5%
Bariatrics
90.3%
Bruxism
84.6%
Bruit
58.7%

You're not logged in!

Compare scores with friends on all Sporcle quizzes.
OR
Log In

Sporcle TV

Today on Sporcle TV


Watch our educational content, quiz creation guides, and fun videos on Sporcle TV.

Show Comments

Extras

Top Quizzes Today


Score Distribution

Paid Content

Your Account Isn't Verified!

In order to create a playlist on Sporcle, you need to verify the email address you used during registration. Go to your Sporcle Settings to finish the process.

Report this User

Report this user for behavior that violates our Community Guidelines.

Details: